Los orígenes de Roma.

Salvato in:
Dettagli Bibliografici
Autore principale: Bloch, Raymond (autor)
Altri autori: Bofill, Rafael M. (traducción castellana)
Natura: Libro
Pubblicazione: Barceloa, España: Vergara, 1957.
Soggetti:
Tags: Aggiungi Tag
Nessun Tag, puoi essere il primo ad aggiungerne!!

MARC

LEADER 00000nam a22000007a 4500
003 CL-VaPUC
005 20220822114647.0
008 220719t1957 ||||| |||| 00| 0 eng d
999 |c 437253  |d 437251 
040 |c Pontificia Universidad Católica de Valparaíso 
082 7 |a 937.01 BLO 1957  |2 22 
100 |a Bloch, Raymond  |9 303039  |e autor 
245 1 4 |a Los orígenes de Roma.  
260 |a Barceloa, España:  |b Vergara,   |c 1957. 
300 |a 162 páginas,.  
500 |a c.1 Donación Familia Prof. Alejandro Guzmán Brito. 
583 |c 20220719  |k Cristina María Rojas Aguilar 
651 |a Roma   |x Historia   |9 870995 
651 |a Roma   |x Orígenes   |9 873348 
700 |a Bofill, Rafael M.  |e traducción castellana  |9 873349 
942 |2 ddc  |c BK  |n 0 
952 |0 0  |1 0  |2 ddc  |4 0  |6 937_010000000000000_BLO_1957  |7 0  |8 C_AGB  |9 585011  |a BIBDER  |b BIBDER  |d 2022-07-19  |e Donación   |i 5653076  |l 1  |o 937.01 BLO 1957  |p 5653076  |r 2023-10-02  |s 2023-10-02  |t 1  |w 2022-07-19  |y BK_US  |k AGB